000 00880nam a2200253 a 4500
001 47755
003 BD-RjUL
005 20211209054403.0
008 160810r20061923b ||||| |||| 00| 0 eng d
020 _a8175220767(V.6)
020 _a817522021X(set)
035 _a(BD-RjUL) 47874
040 _aBD-RjUL
_bben
_cBD-RjUL
041 _aben
082 _223
_a781.1
_bTAB 2006
100 1 _aঠাকুর, রবীন্দ্রনাথ
_9145031
245 1 0 _aবসন্ত /
_bরবীন্দ্রনাথ ঠাকুর
260 _aকলকাতা :
_b বিশ্বভারতী গ্রন্থবিভগ,
_c2006.
300 _a১০৬ পৃ ;
_c২৪ সেমি.
500 _aস্বরবিতান-৭
650 _aসঙ্গীত মূলনীতি
_9145032
650 _aBasic Principles of Music
_9145033
942 _2ddc
_cBK
999 _c47755
_d47755